00252nam a2200073Ia 4500082002100000245006900021100004700090008004100137 a371.2020968 LOOC 0aHuman resource management in education : rebalancing the scales  a LOOCK, C F Pretoria, [c.2006] 1st ed 210817s9999 xx 000 0 und d